1457 1077 1004 1204 1322 1587 1922 1894 1033 1165 1921 1217 1965 1828 1407 1832 1283 1733 1306 1707 1248 1745 1133 1868 1130 1366 1485 1067 1708 1589 1913 1980 1330 1484 1649 1264 1483 1067 1647 1783 1968 1828 1732 1902 1791 1555 1912 1900 1246 1879 1573 1793 1152 1673 1796 1577 1605 1215 1300 1777 1608 1795 1865 1762 1076 1005 1784 1707 1658 1736 1836 1216 1718 1778 1548 1108 1886 1674 1597 1862 1076 1324 1666 1797 1410 1777 1846 1687 1424 1581 1020 1126 1592 1657 1236 1862 1386 1172 1216 BCNSPRNW ULIB Ver.6.0+V

เปลี่ยนเป็นภาษาไทย

Change to English
 แสดงรายละเอียดบรรณานุกรม
  กลับหน้าหลัก

Brief Record : Get Marc (ISO 2709) : E-mail record : QR code < ปิดหน้าต่าง
LEADER : 00000nam 2200000uu 4500
001    13399123233
003     ULIB
008    020711s2554 th a 000 0 tha d
050 14 LB1027^bส111ค
110    กระทรวงการท่องเที่ยวและกีฬา.^bกรมพลศึกษา.^bสถาบันพัฒนาบุคลากรการพลศึกษาและการกีฬา.
245    คู่มือผู้ฝึกสอนกีฬาคาราเต้โด/^cสถาบันพัฒนาบุคลากรการพลศึกษาและการกีฬา
260    กรุงเทพฯ :^bโรงพิมพ์สหกรณ์การเกษตรแห่งประเทศไทย,^c2554
300    59 หน้า;^b26 ซม.
650    คาราเต้โด
945    ^p0^l0^i20364
999    ^aทศพร เกษรทอง
รายการนี้ยังไม่มีแท็ก
คุณยังไม่ได้ล็อกอิน คุณสามารถมีกิจกรรมร่วมกับเว็บไซต์ได้ แต่ต้องล็อกอินก่อน ::
  ล็อกอิน

รายการสื่อสารสนเทศ

ลำดับที่ ประเภท เลขเรียก/บาร์โค้ด สถานที่ สถานะ
1. การศึกษาทั่วไป
การศึกษาทั่วไป
LB1027 ส111ค ฉ.1 
  Barcode: 20364
ห้องสมุดวิทยาเขตนครสวรรค์
►หนังสือทั่วไป:l:General Books
บนชั้น
Note:อภินันทนาการ

BibComment


ยังไม่เคยถูกคอมเมนท์

คอมเมนท์ทรัพยากรรายการนี้
  คอมเมนท์: คู่มือผู้ฝึกสอนกี..


 Copyright 2026. Bcnsprnw @Library